| 000 | 00926nac a22002657a 4500 | ||
|---|---|---|---|
| 001 | BR0704604 | ||
| 003 | BR-BrBNA | ||
| 005 | 20240105123448.0 | ||
| 008 | 230509b bl.|||m| |||| 00| 0 por d | ||
| 040 |
_aBR-BrBNA _bpor _cBiblioteca Nacional de Agricultura |
||
| 072 | _aH20 | ||
| 090 | _a2120 BR0704604 | ||
| 110 | 1 |
_aGrupo Executivo de Racionalização da Cafeicultura, Rio de Janeiro, GB (Brasil) _95495 |
|
| 245 | 1 | _aControle da ferrugem do cafeeiro | |
| 260 | 3 |
_aSão Paulo, SP (Brasil): _bCoordenadoria de Assistência Técnica Integral, _cnd. |
|
| 300 | _a10 p. | ||
| 490 |
_aInstruções Práticas - Coordenadoria de Assistência Técnica Integral (Brazil) _vno. 107 _x |
||
| 500 | _aDocumento microfilmado e tratado BR7400584 | ||
| 650 | _aCAFÉ | ||
| 650 | _aFERRUGEM | ||
| 650 | _aFUNGICIDA | ||
| 650 | _aDOENÇA DE PLANTA | ||
| 909 |
_a202312 _bLúcia Elande _c55 _dLúcia Elande |
||
| 942 |
_2AGRIS _n0 _cMS |
||
| 999 |
_c295565 _d295565 |
||